| 000 | 00601nam a2200181 a 4500 | ||
|---|---|---|---|
| 001 | 000035756 | ||
| 005 | 20200930074603.0 | ||
| 008 | 111110s2011 dr ac 000 0 spa d | ||
| 020 | _a9789945871821 | ||
| 040 |
_aDO-SdBNP _bspa _cBNPHU |
||
| 100 | 1 |
_aFebles, Juan _922082 |
|
| 245 | 1 | 0 |
_aA & B up selling, técnicas de ventas en el restaurante / _cJuan Febles, Juan Santana. |
| 260 |
_aSanto Domingo : _bEsuela Dominicana de Alimentos y Bebidas, _c2011. |
||
| 300 |
_a98 p. : _bil., retrs. ; _c23 cm. |
||
| 590 | _aTres ejemplares auto biografiado | ||
| 700 | 1 | 2 |
_aSantana, Juana _961704 |
| 049 | _aBNPD | ||
| 999 |
_c35247 _d35247 |
||